Sports Quiz

Random Sports or Football Quiz

Top 100 Runningbacks of All Time Quiz Stats

Quiz not verified by Sporcle

Challenge
Share
Tweet
Embed
Score 0/100 Timer 15:00
1 Play Today
Yards Rusher % Correct
18,355 Emmitt Smith
97.1%
15,269Barry Sanders
96.7%
16,726Walter Payton
95.6%
6,818Robert Smith
94.3%
6,881Antowain Smith
94.2%
13,684Ladainian Tomlinson
92.6%
12,312Jim Brown
90.7%
12,279Marshall Faulk
89.5%
12,276*Adrian Peterson
89.4%
5,875Larry Brown
88.8%
5,838Bill Brown
88.6%
13,662Jerome Bettis
88.2%
13,858*Frank Gore
87.9%
14,101Curtis Martin
85.7%
11,438Steven Jackson
85.2%
13,259Eric Dickerson
83.9%
9,651*Chris Johnson
82.7%
10,591Thomas Jones
82.1%
6,223Larry Johnson
82%
5,979Rudi Johnson
81.8%
9,807*Marshawn Lynch
81.7%
6,803John Henry Johnson
81.7%
5,626Pete Johnson
81.4%
5,746Fred Jackson
80.2%
10,009Ricky Williams
79.5%
8,096DeAngelo Williams
79%
12,246Edgerrin James
78.8%
5,598Delvin Williams
78.8%
12,243Marcus Allen
78.4%
12,120Franco Harris
77.8%
12,074Thurman Thomas
77.3%
8,614Terry Allen
77.3%
11,236O.J. Simpson
76.5%
9,453Shaun Alexander
76.1%
Yards Rusher % Correct
10,449Tiki Barber
76%
9,777*Matt Forte
76%
9,205Ahman Green
75.7%
12,739Tony Dorsett
75%
10,011*LeSean McCoy
74.7%
8,167Maurice Jones-Drew
74.6%
11,695Fred Taylor
73.8%
7,607Terrell Davis
73.8%
8,597Jim Taylor
73.5%
10,607Jamal Lewis
73.5%
8,052Stephen Davis
73.3%
9,923Clinton Portis
71%
8,172Priest Holmes
69.1%
7,220Jamaal Charles
68.3%
6,180Ray Rice
68.1%
10,441Eddie George
67.7%
9,407Earl Campbell
67.6%
11,352John Riggins
67.5%
10,967Warrick Dunn
67.2%
11,241Corey Dillon
66.9%
10,273Ottis Anderson
65.2%
6,166Neal Anderson
65.1%
6,335Brian Westbrook
64.1%
6,472Arian Foster
61.4%
8,189Roger Craig
59.9%
7,338Michael Turner
59.6%
10,643Ricky Watters
59.5%
8,225Herschel Walker
59.3%
8,081Larry Csonka
59%
8,474Willis McGahee
55.9%
6,096Deuce McAllister
55.1%
5,814Jonathan Stewart
51.6%
7,966Garrison Hearst
49.5%
5,841James Stewart
48.5%
Yards Rusher % Correct
6,017Cedric Benson
48.4%
8,261Earnest byner
44.9%
6,844Curt Warner
42.8%
6,086Travis Henry
40.3%
8,188Gerald Riggs
40.2%
5,785Duce Staley
39.6%
6,083Calvin Hill
37.7%
7,696Chris Warren
36.9%
7,097Charlie Garner
36.7%
6,897Rodney Hampton
34.3%
8,074Freeman McNeil
31.7%
6,789Wilbert Montgomery
31.6%
7,962James Brooks
30.3%
7,176George Rogers
29.4%
5,950Chuck Foreman
29.1%
6,008James Wilder
28.9%
9,723Joe Perry
26.7%
6,323Floyd Little
24.5%
5,627Michael Pittman
24.4%
7,274Leroy Kelly
24.2%
6,702Chuck Muncie
23.9%
5,672Greg Pruitt
23.5%
7,378Mike Pruitt
23.4%
5,986William Andrews
22.5%
6,534Lydell Mitchell
22.2%
5,860Steve Van Buren
21.6%
6,378Wendell Tyler
20.8%
6,578Lawrence McCutcheon
18%
6,217Don Perkins
11.6%
6,651Mark van Eeghen
9.4%
5,797Rick Casares
9%
6,105Ken Willard
8%

You're not logged in!

Compare scores with friends on all Sporcle quizzes.
Join for Free
OR
Log In

You Might Also Like...

Show Comments

Extras

Top Quizzes Today


Score Distribution

Your Account Isn't Verified!

In order to create a playlist on Sporcle, you need to verify the email address you used during registration. Go to your Sporcle Settings to finish the process.

Report this User

Report this user for behavior that violates our Community Guidelines.

Details: